[Event "Dhaka Walton op"]
[Site "Dhaka"]
[Date "2021.06.17"]
[Round "3"]
[White "Md Sirajul, Islam"]
[Black "Rahman, Farhadur"]
[Result "0-1"]
[WhiteElo "1718"]
[BlackElo "1969"]
[PlyCount "124"]
[EventDate "2021.06.15"]
[EventType "swiss"]
[EventRounds "9"]
[EventCountry "BAN"]
[SourceTitle "EXT 2022"]
[Source "ChessBase"]
[SourceDate "2021.10.06"]
[SourceVersion "1"]
[SourceVersionDate "2021.10.06"]
[SourceQuality "1"]

1. e4 e6 2. d4 d5 3. Nd2 dxe4 4. Nxe4 Nf6 5. Qd3 Be7 6. Nf3 Nbd7 7. Be2 b6 8. c3 Bb7 9. Nxf6+ Bxf6 10. 0-0 0-0 11. Bf4 Re8 12. Rad1 Qe7 13. Bxc7 a5 14. Bf4 e5 15. dxe5 Nxe5 16. Nxe5 Bxe5 17. Bxe5 Qxe5 18. Bf3 Bxf3 19. Qxf3 Qe2 20. Rb1 Qxf3 21. gxf3 Kf8 22. Rfe1 Rad8 23. Rxe8+ Kxe8 24. Re1+ Kf8 25. Re2 Rd6 26. Kg2 f5 27. f4 Kf7 28. Re5 g6 29. Rb5 Ke6 30. Kf3 Kd7 31. Ke3 Kc6 32. a4 Rd1 33. b4 Ra1 34. bxa5 Rxa4 35. Rxb6+ Kd5 36. a6 Re4+ 37. Kf3 Rc4 38. Rb3 Ra4 39. Rb7 Rxa6 40. Rxh7 Rc6 41. Rd7+ Ke6 42. Rd3 Rc4 43. Kg3 Kf6 44. Rf3 Kg7 45. Kg2 Kh6 46. Kf1 Re4 47. Rh3+ Kg7 48. Rd3 Rxf4 49. Ke2 Rh4 50. h3 Kf6 51. Re3 Rc4 52. Kd3 Rf4 53. f3 Rh4 54. c4 Rxh3 55. c5 f4 56. Re8 Rxf3+ 57. Kd4 Rf1 58. c6 Rd1+ 59. Kc5 g5 60. Re4 Rc1+ 61. Rc4 Rxc4+ 62. Kxc4 Ke6 0-1

[Event "Dhaka Marcel 1st Division"]
[Site "Dhaka"]
[Date "2019.11.16"]
[Round "5.2"]
[White "Md Sirajul, Islam"]
[Black "Bhuiyan, Golam Mostafa"]
[Result "0-1"]
[WhiteElo "1768"]
[BlackElo "2060"]
[PlyCount "87"]
[EventDate "2019.11.12"]
[EventType "team-tourn"]
[EventRounds "9"]
[EventCountry "BAN"]
[SourceTitle "CBM 193 Extra"]
[Source "ChessBase"]
[SourceDate "2020.01.31"]
[SourceVersion "1"]
[SourceVersionDate "2020.01.31"]
[SourceQuality "1"]
[WhiteTeam "Kasparov CC"]
[BlackTeam "Shahin CC"]
[WhiteTeamCountry "BAN"]
[BlackTeamCountry "BAN"]

1. e4 d6 2. Nf3 g6 3. c3 Nf6 4. d3 Bg7 5. Be2 0-0 6. 0-0 e5 7. Bg5 h6 8. Be3 c5 9. c4 Nc6 10. Nc3 Nd4 11. Qd2 Kh7 12. Nd5 Nxd5 13. cxd5 f5 14. Ne1 Nxe2+ 15. Qxe2 f4 16. Bd2 g5 17. f3 a5 18. g4 fxg3 19. hxg3 b5 20. Kg2 a4 21. Rh1 Kg8 22. Nc2 b4 23. Raf1 Ra7 24. Ne1 Rf6 25. Qe3 Raf7 26. Qg1 Qd7 27. Rh2 Qb5 28. Qe3 Ba6 29. Rf2 Rg6 30. Rh1 Bf6 31. Qe2 Bd8 32. Be3 Ba5 33. b3 Bd8 34. Kh2 Bc8 35. f4 gxf4 36. gxf4 Bg4 37. Qd2 exf4 38. Rxf4 Bf6 39. Rf2 Qe8 40. Rhf1 Qe5+ 41. Bf4 Qh5+ 42. Kg1 Bc3 43. Qc1 Bxe1 44. Be3 0-1